| 000 | 00875cam a22002174a 4500 | ||
|---|---|---|---|
| 005 | 20250605164245.0 | ||
| 008 | 250528s ||||||||||||||||||||||||d | ||
| 035 | _a21486 | ||
| 020 | _a9781870941808 | ||
| 040 |
_aGR-AtMCL _bgre _dGR-AtMCL _eAACR2 |
||
| 245 | 1 | _aMANAGEMENT INFORMATION SYSTEMS | |
| 250 | _a6 | ||
| 260 |
_bDp Publications Ltd, _c1991 |
||
| 300 | _a326 | ||
| 505 | 0 | _aM.I.S. OVERVIEW INFORMATION, DATA AND COMMUNICATION SYSTEMS CONCEPTS STRUCTURE & ELEMENTS SYSTEMS CONCEPTS OBJECTIVES & TYPES ORGANISATIONS SCIENTIFIC MANAGEMENT AND THE CLASSICAL SCHOOL | |
| 520 | _aM.I.S. OVERVIEW INFORMATION, DATA AND COMMUNICATION SYSTEMS CONCEPTS STRUCTURE & ELEMENTS SYSTEMS CONCEPTS OBJECTIVES & TYPES ORGANISATIONS SCIENTIFIC MANAGEMENT AND THE CLASSICAL SCHOOL | ||
| 700 | 1 |
_aLucey Terence _97504 |
|
| 942 | _cBK | ||
| 999 |
_c6548 _d6548 |
||